Physik Astronomie & Astrologie - Quiz #1 (einfach) - Statistiken

Allgemein
  • Dieses Quiz wurde 405 mal gespielt
  • Das Durchschnittsergebnis liegt bei 11 aus 15
Antwortstatistiken
Frage Antwort % Korrekt
Welcher Planet hat die markanten Ringe um sich herum? Saturn
96%
Welche Phase hat der Mond, wenn er vollständig beleuchtet ist? Vollmond
96%
Was ist ein "schwarzes Loch"? Ein unsichtbares Objekt mit starker Anziehungskraft
95%
Welcher Planet wird als "roter Planet" bezeichnet? Mars
95%
Welche Galaxie gehört unser Sonnensystem an? Milchstraße
94%
Welcher Planet in unserem Sonnensystem ist der größte? Jupiter
90%
Wie lange braucht das Licht der Sonne, um die Erde zu erreichen? Etwa 8 Minuten
85%
Was ist eine Supernova? Der Zusammenbruch eines Sterns
80%
Was ist ein Komet? Ein Himmelskörper aus Staub und Eis
68%
Was ist der Mond der Erde? Ein natürlicher Satellit
56%
Welches Tierkreiszeichen gehört zu Menschen, die im Januar geboren sind? Steinbock
55%
Was ist der nächste Stern zur Erde nach der Sonne? Proxima Centauri
48%
Wie viele Sterne sind im Sternbild des Großen Wagens sichtbar? 7
45%
Wie nennt man die scheinbare Bewegung der Sterne am Nachthimmel aufgrund der Erdrotation? Sternenbewegung
41%
In welchem Tierkreiszeichen steht die Sonne zur Sommersonnenwende (21.Juni)? Krebs
35%
Keine übereinstimmenden Quizze gefunden
Verteilung der Resultate
Anzahl Personen mit jedem Resultat
Perzentil nach korrekt beantworteten Fragen
Ihre Resultats-Entwicklung
Sie haben dieses Quiz noch nicht gespielt